[Event "La Paz GP op 3rd"]
[Site "La Paz"]
[Date "2023.08.20"]
[Round "7"]
[White "Ayaviri Quispe, Frank Eddy"]
[Black "Arteaga Herbas, Thiago Andre"]
[Result "0-1"]
[WhiteElo "1097"]
[BlackElo "1236"]
[PlyCount "112"]
[EventDate "2023.08.17"]
[EventType "swiss"]
[EventRounds "7"]
[EventCountry "BOL"]
[SourceTitle "EXT 2024"]
[Source "ChessBase"]
[SourceDate "2023.10.10"]
[SourceVersion "1"]
[SourceVersionDate "2023.10.10"]
[SourceQuality "1"]

1. e4 c5 2. Nc3 d6 3. f4 Nd7 4. Nf3 b6 5. Bc4 Bb7 6. 0-0 e6 7. Re1 Ngf6 8. d3 Be7 9. e5 dxe5 10. fxe5 Nd5 11. Nxd5 exd5 12. Bb3 0-0 13. c3 b5 14. Bc2 Rc8 15. b3 c4 16. dxc4 dxc4 17. b4 Nb6 18. Qe2 Nd5 19. Bd2 Qb6+ 20. Kh1 Rfe8 21. Qe4 g6 22. Qg4 h5 23. Qg3 Bf8 24. Nh4 Rc6 25. Be4 Rd8 26. Rf1 Re6 27. Qf3 Qc7 28. Bg5 Rd7 29. Nxg6 Bg7 30. Nf4 Nxf4 31. Bxb7 Qxb7 32. Qxb7 Rxb7 33. Bxf4 Bxe5 34. Bxe5 Rxe5 35. Rae1 Rbe7 36. Rxe5 Rxe5 37. Rd1 Re3 38. Rc1 Re2 39. Kg1 Rxa2 40. Rd1 Rc2 41. Rd7 Rxc3 42. Rxa7 Rb3 43. Kf1 Rxb4 44. Ke1 c3 45. Rc7 Rb3 46. Kd1 b4 47. Kc2 Rb2+ 48. Kc1 Rxg2 49. Rb7 Rxh2 50. Rxb4 c2 51. Rc4 h4 52. Rc5 h3 53. Rh5 Rh1+ 54. Kxc2 h2 55. Kd3 Rd1+ 56. Ke2 h1Q 0-1